Central Library OPAC University of Rajshahi

An introduction to video and audio measurement / (Record no. 55158)

MARC details
000 -LEADER
fixed length control field 01046nam a2200313 a 4500
001 - CONTROL NUMBER
control field 55158
003 - CONTROL NUMBER IDENTIFIER
rucl marc code BD-RjUL
005 - DATE AND TIME OF LATEST TRANSACTION
control field 20211209080226.0
008 - FIXED-LENGTH DATA ELEMENTS--GENERAL INFORMATION
fixed length control field 161114s2004 maua b 001 0 eng
020 ## - INTERNATIONAL STANDARD BOOK NUMBER
International Standard Book Number 9788131207048
International Standard Book Number 8131207048
035 ## - SYSTEM CONTROL NUMBER
System control number (BD-RjUL)55280
040 ## - CATALOGING SOURCE
Original cataloging agency DLC
Transcribing agency DLC
Modifying agency BD-RjUL
Language of cataloging eng
041 ## - LANGUAGE CODE
Language code of text/sound track or separate title eng
082 00 - DEWEY DECIMAL CLASSIFICATION NUMBER
Classification number 621.388
Edition number 23
Author mark and year HOI 2007
100 1# - MAIN ENTRY--PERSONAL NAME
Personal name Hodges, Peter.
9 (RLIN) 164363
245 13 - TITLE STATEMENT
Title An introduction to video and audio measurement /
Statement of responsibility, etc. Peter Hodges.
250 ## - EDITION STATEMENT
Edition statement 3rd ed. , Indian reprint ed.
260 ## - PUBLICATION, DISTRIBUTION, ETC. (IMPRINT)
Place of publication, distribution, etc. New Delhi :
Name of publisher, distributor, etc. Reed Elsevier India Pvt. Ltd.,,
Date of publication, distribution, etc. 2004 [printed 2007].
300 ## - PHYSICAL DESCRIPTION
Pagination xiv, 232 p. :
Illustrations ill. ;
Size 24 cm.
504 ## - BIBLIOGRAPHY, ETC. NOTE
Bibliography, etc Includes bibliographical references and index.
650 #0 - SUBJECT ADDED ENTRY--TOPICAL TERM
Topical term or geographic name as entry element Television measurements.
9 (RLIN) 164364
Topical term or geographic name as entry element Television
General subdivision Transmitters and transmission.
9 (RLIN) 119610
Topical term or geographic name as entry element Television
General subdivision Picture quality.
9 (RLIN) 164365
Topical term or geographic name as entry element Digital video.
9 (RLIN) 164366
Topical term or geographic name as entry element Electro-acoustics.
9 (RLIN) 155022
Topical term or geographic name as entry element Sound
General subdivision Equipment and supplies.
9 (RLIN) 164367
942 ## - ADDED ENTRY ELEMENTS (KOHA)
Source of classification or shelving scheme Dewey Decimal Classification
Koha item type Books
Holdings
Lost status Source of classification or shelving scheme Damaged status Not for loan Collection code Permanent Location Current Location Shelving location Date acquired Source of acquisition Cost, normal purchase price Total Checkouts Full call number Date last seen Copy number Koha item type
  Dewey Decimal Classification     Non-fiction Central Library, University of Rajshahi Central Library, University of Rajshahi   24/03/2009 Dhaka,Paragon Enterprise Lit., 325.00   621.388 HOI 2004 14/11/2016 C-2 Books
  Dewey Decimal Classification   Not For Loan Non-fiction Central Library, University of Rajshahi Central Library, University of Rajshahi Reading Room 24/03/2009 Dhaka, Paragon Enterpries Ltd. 325.00   621.388 HOI 2007 01/01/2017 C-1 Books